le Parler Marseillais ! - Statistiques

Statistiques générales
  • Ce quiz a été pris 132 fois
  • Le résultat moyen est 6 sur 10
Statistiques - réponses
Parler marseillais Français courant % Correct
Fada Fou
95%
Tarpin Beaucoup
91%
Degun Personne
86%
Caner Mourir
85%
Peuchère Le pauvre
69%
Emboucaner Embrouiller
62%
Marroner Râler
39%
Se néguer Se noyer
24%
Fillade Bagarre
18%
Quiller Percher
18%
Aucun quiz correspondant
Distribution des résultats
% des personnes avec chaque résultat
Percentile par nombre de réponses
Votre historique - résultats
Vous n’avez pas pris ce quiz